| 000 | 00727cam a2200241 4500 | ||
|---|---|---|---|
| 001 | WB3712-09 | ||
| 008 | 000000n2001 000 0 eng u | ||
| 035 | _a(Sirsi) u111507 | ||
| 245 | _aCommercial property survey - Glasgow | ||
| 260 | _c2001 | ||
| 490 |
_aScotsman _v20 March 2001, 1-12(12) LOAN |
||
| 520 | _aSupplement covering office and retail space, licensed premises, student accommodation in Glasgow and the Paisley and Helensburgh areas. | ||
| 590 | _aWB | ||
| 650 | _aGLASGOW | ||
| 650 | _aOFFICES | ||
| 650 | _aRETAIL SECTOR | ||
| 650 | _aPAISLEY | ||
| 650 | _aLICENSED PREMISES | ||
| 650 | _aSTUDENT ACCOMMODATION | ||
| 650 | _aHELENSBURGH | ||
| 690 | _aPROPERTY-COMMERCIAL PROPERTY | ||
| 942 | _n0 | ||
| 999 |
_c66448 _d66448 |
||